The Real Housewives of New York City Cast Members - Statistics

General Stats
  • This quiz has been taken 47 times
    11 since last reset
  • The average score is 14 of 32
Answer Stats
Seasons Appearing Housewife % Correct
Seasons 1-3 & 7-11 Bethenny Frankel
100%
Seasons 1-13 Ramona Singer
100%
Seasons 1-4; Guest Seasons 9-12 Jill Zarin
88%
Seasons 1-4 Alex McCord
75%
Seasons 1-5 & 7-13; Friend of Season 6 Luann de Lesseps
75%
Seasons 7-12; Guest Season 4 Dorinda Medley
63%
Seasons 5-7; Friend of Season 13; Guest Seasons 8-10 & 12 Heather Thomson
63%
Seasons 3-13 Sonja Morgan
63%
Seasons 5-6 Aviva Drescher
50%
Seasons 5-10 Carole Radziwill
50%
Seasons 14-15 Brynn Whitfield
38%
Season 14 Brynn Whitfield
38%
Season 4 Cindy Barshop
38%
Season 13 Eboni K. Williams
38%
Season 14 Erin Dana Lichy
38%
Seasons 14-15 Erin Lichy
38%
Season 8 Jules Wainstein
38%
Seasons 6-7 Kristen Taekman
38%
Seasons 12-13 Leah McSweeney
38%
Seasons 14-15 Sai De Silva
38%
Season 14 Sai De Silva
38%
Seasons 9-12 Tinsley Mortimer
38%
Seasons 14-15 Jenna Lyons
25%
Season 14 Jenna Lyons
25%
Seasons 14-15 Jessel Taank
25%
Season 14 Jessel Taank
25%
Seasons 2-4; Guest Seasons 6-7 Kelly Killoren Bensimon
25%
Seasons 14-15 Ubah Hassan
25%
Season 14 Ubah Hassan
25%
Season 15 Racquel Chevremont
13%
Friend of Season 15 Rebecca Minkoff
13%
Season 14 Lizzy Savetsky
0%
No matching quizzes found
Score Distribution
Percent of People with Each Score
Percentile by Number Answered
Your Score History
You have not taken this quiz since the last reset